00876nam a2200265 a 450000100060000000300080000600500170001400800410003102000150007203500190008704000270010604100080013308200220014110000280016324500570019125000140024826000630026230000290032535000180035450400410037265100330041394200120044699900170045895201350047564311BD-RjUL20211209081307.0170213s1971 ja a b 001 0 eng  a087011106X a(BD-RjUL)64441 aDLCcDLCdBD-RjULbeng aeng00a952223bMAJ 19711 aMaraini, Fosco.919095510aJapan : bpatterns of continuity /cFosco. Maraini,  a[1st ed.] aTokyo :aPalo Alto, Calif.,bKodansha Internationalcc1971 a240 p. :bill, ;c29 cm. a$15.00 (U.S.) aIncludes bibliographical references. 0aJapanxCivilization.9177707 2ddccBK c64311d64311 00102ddc40718NFICaRUCLbRUCLcReadingd1994-07-05eAsia foundationl0o952 MAJ 1971r2017-02-13 00:00:00tC-1w2017-02-13yBK